Fundamentals of materials science and engineering / (Record no. 60677)

000 -LEADER
fixed length control field 00783nam a22002177a 4500
003 - CONTROL NUMBER IDENTIFIER
control field NUST-PNEC
005 - DATE AND TIME OF LATEST TRANSACTION
control field 20170116180704.0
008 - FIXED-LENGTH DATA ELEMENTS--GENERAL INFORMATION
fixed length control field 140918b xxu||||| |||| 00| 0 eng d
020 ## - INTERNATIONAL STANDARD BOOK NUMBER
International Standard Book Number 0470234636
020 ## - INTERNATIONAL STANDARD BOOK NUMBER
International Standard Book Number 9780470234631
040 ## - CATALOGING SOURCE
Transcribing agency PNEC
082 ## - DEWEY DECIMAL CLASSIFICATION NUMBER
Classification number 620.11 CAL
100 ## - MAIN ENTRY--PERSONAL NAME
9 (RLIN) 184
Personal name Callister William D.
245 ## - TITLE STATEMENT
Title Fundamentals of materials science and engineering /
Remainder of title An integrated Approach
Statement of responsibility, etc. William D. Callister
250 ## - EDITION STATEMENT
Edition statement 3rd ed.
260 ## - PUBLICATION, DISTRIBUTION, ETC.
Place of publication, distribution, etc. Hoboken
Name of publisher, distributor, etc. John Wiley & Sons, Inc.
Date of publication, distribution, etc. c2008.
300 ## - PHYSICAL DESCRIPTION
Extent xii, 882 p. :
Other physical details ill. :
Dimensions 25 cm.
500 ## - GENERAL NOTE
General note Includes Index http://www.amazon.com/FUNDAMENTALS-MATERIALS-SCIENCE-ENGINEERING-International/dp/0470234636/ref=sr_1_1?s=books&ie=UTF8&qid=1411027495&sr=1-1&keywords=9780470234631
650 ## - SUBJECT ADDED ENTRY--TOPICAL TERM
General subdivision ME
942 ## - ADDED ENTRY ELEMENTS (KOHA)
Source of classification or shelving scheme
Koha item type Book
Holdings
Withdrawn status Lost status Source of classification or shelving scheme Damaged status Not for loan Permanent Location Current Location Shelving location Date acquired Source of acquisition Cost, normal purchase price Total Checkouts Full call number Barcode Date last seen Cost, replacement price Price effective from Koha item type
          Pakistan Navy Engineering College (PNEC) Pakistan Navy Engineering College (PNEC) Reference 10/04/2010 Royal Book Company 7313.04   620.11 CAL PNECLIB-029932 09/18/2014 7313.04 10/04/2010 Book
© 2023 Central Library, National University of Sciences and Technology. All Rights Reserved.